Quick Pick: Real People with Astronomy Names Quiz Stats

Quiz Updated Sep 10, 2017

Challenge
Share
Tweet
Embed
Score 0/10 Timer 01:00
0 Plays Today
% Correct
Mars
93.9%
Mercury
93%
Venus
91.1%
Sun
72.5%
Star
68.6%
Vega
64.7%
Orion
49.9%
Nova
43.7%
Galaxy
29.6%
Neptune
28.3%

Today's Daily Dose

You're not logged in!

Compare scores with friends on all Sporcle quizzes.
Sign Up with Email
OR
Log In

You Might Also Like...

Show Comments

Extras

Top Quizzes Today


Score Distribution

Your Account Isn't Verified!

In order to create a playlist on Sporcle, you need to verify the email address you used during registration. Go to your Sporcle Settings to finish the process.